00943nam a22002417a 450000500170000001000150001702000260003203500140005803700090007208200110008110000220009224500860011425000060020026000570020627000890026330000330035250000510038570000350043670000340047194200250050599900190053095201520054920241128151418.0 aENG-142687 c815.00a9788196874346 aEN-126219 bDBAD a62124 aBass, Len 974281 aSoftware Architecture in Practice/cBy Len Bass; Paul Clements [and] Rick Kazman  a4 aUttar PradeshbPearson India Education Pvt Ltdc2025 bUttar Pradesha1st FLoor, Berger Tower, Plot No. C-001A/2, Sector-16B, Noidae201301 axviii,378p.c23cm(pb)bIndex a Mobility, Cloud software, AI/Machine Learning aClements, Paul eAuthor974276 aKazman, Rick eAuthor974282 2ddccENh621mBASe4 c207163d207163 001040708NFICaAVbAVd2024-11-28eDelivery of Books Act Divisiong815.00l0o621 BASpEN-126219r2024-11-28 00:00:00t1v815.00w2024-11-28yEN